00274nam a2200121Ia 4500008004100000100001600041245001900057260002500076300000900101650001800110942000700128999001700135190216s9999||||xx |||||||||||||| ||und|| aBernardshaw 4aThe Apple Cart bOrient Longmanc1963 a159p aEnglish Drama cBK c11680d11680